000 00894nac a22002291u 4500
010 _a 2001036123
020 _a0130919543 (pbk.)
082 0 0 _a004
_bC254
090 _c4343
_d4343
100 _aCapron, H. L.
245 1 0 _aComputers :
_btools for an information age /
_cH.L. Capron, J.A. Johnson.
250 _a7th ed.
260 _aUpper Saddle River, N.J. :
_bPrentice Hall,2002
_cc2002.
300 _a1 v. (various pagings) :
_bill. (some col.), col. map ;
_c28 cm.+
_e1CD-ROM(4 3/4 in.)
500 _aIncludes index.
650 0 _aComputers.
650 0 _aMicrocomputers.
700 1 _aJohnson, J. A.
_q(James A.)
942 _cBB
_k004C254
999 _c4343
_d4343